Name the country from its football clubs - Statistics

General Stats
  • This quiz has been taken 1,271 times
  • The average score is 10 of 15
Answer Stats
Clubs National league % Correct
Palmeiras, Corinthians, Santos Brazil
92%
Arsenal, Racing, Newell's Old Boys Argentina
86%
América, UANL, UNAM Mexico
81%
Young Boys, Servette, Sion Switzerland
78%
Central Coast Mariners, Macarthur FC, Wellington Phoenix Australia
77%
AZ, NEC, Cambuur Netherlands
76%
Colo-Colo, Everton, O'Higgins Chile
71%
Black Leopards, Mamelodi Sundowns, Orlando Pirates South Africa
70%
Al Ain, Al Dhafra, Al Jazira United Arab Emirates
69%
Cavalry, Forge, York United Canada
58%
Cliftonville, Crusaders, Linfield Northern Ireland
57%
Arsenal Tula, Khimki, Ufa Russia
57%
Aluminium Arak, Persepolis, Tractor Iran
56%
Enugu Rangers, Plateau United, Rivers United Nigeria
38%
FC Kariya, Veertien Mie, Nara Club Japan
35%
No matching quizzes found
Score Distribution
Percent of People with Each Score
Percentile by Number Answered
Your Score History
You have not taken this quiz